Normal view MARC view
  • Ferro, Jorge Francisco

Entry Nombre Personal

Number of records used in: 4

001 - NUMERO DE CONTROL

  • campo de control: 33838

003 - IDENTIFICADOR DE NUMERO DE CONTROL

  • campo de control: UPN

005 - FECHA Y HORA DE LA ÜLTIMA TRANSACCIÓN

  • campo de control: 20230120092143.0

008 - DATOS DE LONGITUD FIJA

  • campo de control de longitud fija: nabaccnnaabn|||||||||| b |nc|||||d

035 ## - NUMERO DE CONTROL

  • Número de control: UPN11000005945

040 ## - FUENTE DE CATALOGACIÓN

  • Lenguaje de catalogación: spa
  • Agencia de transcripción: MX-MxUPN
  • Agencia original de catalogación: MX-MxUPN

100 1# - ENCABEZAMIENTO - NOMBRE PERSONAL

  • Nombre personal: Ferro, Jorge Francisco

370 ## - LUGAR ASOCIADO

  • Place of birth: Argentina

372 ## - CAMPO DE ACTIVIDAD

  • Field of activity: Templarios
  • Field of activity: Masonería
  • Field of activity: Investigación
  • Field of activity: Sociología

373 ## - GRUPO ASOCIADO

  • Associated group: Consejo Nacional de Investigaciones Científicas y Técnicas (Argentina)

374 ## - OCUPACIÓN

  • Occupation: Investigador
  • Occupation: Sociólogo

670 ## - FUENTE EN LA QUE SE LOCALIZARON DATOS

  • Cita de la fuente: En su obra: Los Templarios y el Grial, 2005:
  • Información localizada: portada (Jorge Francisco Ferro) solapa delantera (Jorge Francisco Ferro. Argentino. Licenciado en Sociología por la Universidad de Buenos Aires y doctor en Ciencias Sociales por la Universidad Kennedy. Especialista en templarios, masonería y sociedades secretas. Investigador científico en el CONICET (Consejo Nacional de Investigaciones Científicas y Técnicas [...] ejerció la docencia universitaria)

680 ## - NOTA PUBLICA DE ACCESO PÚBLICO

  • Frase explicativa de la referencia: Licenciado en sociología por la Universidad de Buenos Aires, doctor en ciencias sociales por la Universidad Kennedy

902 ## - CATALOGADOR

  • Catalogador: MCM/050813

902 ## - CATALOGADOR

  • Catalogador: NDAF/200123